The opera, past and present : an historical sketch /

Bibliographic Details
Main Author: Apthorp, William Foster, 1848-1913
Format: Book
Language:English
Published: New York : C. Scribner's Sons, 1916.
Series:Music lover's library.
Subjects:

MARC

Tag First Indicator Second Indicator Subfields
LEADER 00000cam a2200000 4500
001 in00000036746
005 20151007062215.0
008 800701s1916 nyuc 00010 eng d
035 |a (OCoLC)06475475 
035 |9 AAD4221AM 
040 |a TXA  |c TXA  |d UtOrBLW 
049 |a TXAM  |c [7401] 
090 |a ML1700  |b .A65 
092 |a 782  |b A655o 
100 1 |a Apthorp, William Foster,  |d 1848-1913. 
245 1 4 |a The opera, past and present :  |b an historical sketch /  |c by William Foster Apthorp ... 
264 1 |a New York :  |b C. Scribner's Sons,  |c 1916. 
300 |a xiv pages, 2 ., 238 pages :  |b 8 portrait (including frontispiece) ;  |c 19 cm. 
336 |a text  |b txt  |2 rdacontent 
337 |a unmediated  |b n  |2 rdamedia 
338 |a volume  |b nc  |2 rdacarrier 
490 1 |a The Music lover's library 
650 0 |a Opera. 
830 0 |a Music lover's library. 
999 |a MARS 
999 f f |s f6f323b6-5ee6-34f4-b517-2fdb50780b51  |i 16a3755e-2038-35dc-af9e-777daa65ece9  |t 0 
952 f f |p normal  |a Texas A&M University  |b College Station  |c Sterling C. Evans Library  |d Evans: Library Stacks  |t 0  |e ML1700 .A65  |h Library of Congress classification  |i unmediated -- volume  |m A14801170407 
998 f f |a ML1700 .A65  |t 0  |l Evans: Library Stacks